| 000 | 00812nam a22002417a 4500 | ||
|---|---|---|---|
| 003 | LK-CoMWRAF | ||
| 005 | 20231211152523.0 | ||
| 008 | 231211b2001 |||||||| |||| 00| 0 eng d | ||
| 020 | _a9555820899 | ||
| 022 | _a1391667X | ||
| 040 |
_aLK-CoMWRAF _dLK-CoMWRAF _eLK-CoMWRAF |
||
| 041 | _aeng | ||
| 082 |
_a323.1 _bOBE |
||
| 100 | _aObeyesekere, Ranjini | ||
| 130 | _aA history of ethnic conflict in Sri Lanka: recollection, reinterpretation & reconciliation | ||
| 245 | _a The Sri Lankan theatre in the past two decades | ||
| 260 |
_aColombo: _bMarga Institute, _c2001 |
||
| 300 |
_a 27 p. ; 23 cm. _bBibliography included |
||
| 490 |
_aMarga monograph series on ethnic reconciliation _vno. 26 |
||
| 650 | _aEthnic conflict- Sri Lanka | ||
| 650 | _aTheater-Sri Lanka- History- 20th century | ||
| 942 | _cBK | ||
| 999 |
_c4344 _d4344 |
||